000 00468nam a2200181Ia 4500
003 GCL
008 140319s9999 xx 000 0 eng d
040 _aGCL /
_cGCL
082 0 4 _aCH
_b932.041
_bA T
100 1 _aBISHY, ASHAM B.
245 1 0 _aTHE TREASURES OF TUT ANK AHMUN /
_cBISHY, ASHAM B.
260 _a[S.N] :
_bLIBRAIRIE DU LIBAN ،
_c1991
300 _a48
650 0 4 _aCHILDREN
650 0 4 _aHISTORY
650 0 4 _aCHILDREN - EDUCATION
942 _2ddc
_cBK
999 _c17312
_d17312